000 00732nam a2200217 i 4500
001 89810
003 ES-MaACL
005 20250809063508.0
007 t|
008 050113s1968 sp ||||1| spa d
100 1 _aLaurentin, René,
_d1917-2017
_970642
245 1 3 _aLa apuesta del Sínodo, los cauces del Concilio /
_cRené Laurentin ; versión, Cecilio Sánchez Gil.
260 _a[Madrid] :
_bTaurus,
_c[1968]
300 _a395 p. ;
_c18 cm.
490 1 _aEl Futuro de la Verdad ;
_v33
611 0 4 _aConcilio Vaticano (
_n2º.
_d1962-1965)
_9122
700 1 _aSánchez Gil, Cecilio.
_9102671
830 0 _aEl Futuro de la Verdad ;
_v33
_9180936
852 _aES-MaACL
_jC-36262
_bR.68980
999 _c89810
_d89810